000 00740nam a22003010a 4500
001 PT55622
003 AR-LpoUNG
005 20210131231714.0
008 191001s2013||||ag |||||||||||||||||spa d
020 _a9789872862626
_c$74
040 _aAR-LpoUNG
_bspa
_cAR-LpoUNG
_eaacr
041 _aspa
044 _aag
082 0 _aA861 322ell
100 1 _aCartaginese, Karina
245 1 0 _aEllas
250 _a1ra. ed.
260 _aBuenos Aires :
_bLa parte maldita,
_c2013.
300 _a77 p. :
_bil.
650 4 _aARGENTINA
650 4 _aLITERATURA
650 4 _aPOESIA
651 4 _aDOCUMENTOS TEORICOS O METODOLOGICOS
653 _aAUTORES LOCALES
653 _aLITERATURA ARGENTINA
905 _a55622
942 _cLIB
999 _c11519
_d11519